000 01272cam a22003137a 4500
001 6096
003 FISKH
005 20250311153342.0
008 110623r20091972enka j 000 1 eng
010 _a 2011411703
020 _a9781405230407 (hc.)
020 _a9781405271912
040 _aDLC
_cDLC
_dDLC
_beng
050 _aPE1119 R
082 _a823.914
100 1 _aTomlinson, Jill.
245 1 4 _aThe penguin who wanted to find out /
_cJill Tomlinson ; Pictures by Paul Howard.
250 _aPublished in this edition 2014
260 _aLondon :
_bEgmont,
_c1975.
300 _a79 pages :
_billustrations ;
_c20 cm
505 _aO
520 _aOtto is a penguin chick, that much he knows, but other than this he has a lot to learn. Life at the bottom of the world is a curious thing and life can change at a moment's notice. The next blizzard, the next meal and the threat of being orphaned are all challenges that must be faced. But how will Otto and his friends manage? The only way that penguins can do - by looking after each other.
521 8 _a610
_bLexile
521 8 _aO
_bRaz-Plus
700 1 _aHoward, Paul,
_d1967-
_eillustrator
906 _a7
_bcbc
_corigres
_d4
_encip
_f20
_gy-gencatlg
942 _2ddc
_cBK
_n0
999 _c6096
_d6096